Pays avec une monarchie - Statistiques

Statistiques générales
  • Ce quiz a été pris 62 fois
  • Le résultat moyen est 28 sur 44
Statistiques - réponses
Hint Réponse % Correct
2022 Royaume-Uni
100%
1973 Suède
96%
1991 Norvège
93%
2014 Espagne
91%
2024 Danemark
89%
2013 Belgique
88%
2013 Pays-Bas
84%
2016 Thaïlande
81%
1999 Maroc
79%
2022 Emirats Arabes unis
77%
2025 Luxembourg
77%
2015 Arabie Saoudite
75%
2005 Monaco
75%
2025 Vatican
74%
2017/2025 Andorre
72%
2019 Japon
70%
1999 Jordanie
70%
2002 Bahreïn
68%
2013 Qatar
68%
2023 Koweit
67%
1967 Brunei
65%
2022 Nouvelle Zélande
63%
2022 Australie
61%
2006 Bhoutan
61%
2022 Canada
61%
2020 Oman
61%
2004 Cambodge
56%
2022 Jamaique
54%
1996 Lesotho
53%
2022 Sainte-Lucie
51%
2017 Samoa
51%
1986 Eswatini
49%
2012 Tonga
49%
2022 Tuvalu
49%
2022 Saint Vincent-et-les-Grenadines
47%
2022 Saint Christophe-et-Niévès
46%
2022 Bahamas
42%
2022 Grenade
42%
2022 Belize
40%
2022 Iles Salomon
37%
2024 Malaisie
33%
2022 Papouasie-Nouvelle-Guinée
32%
2022 Antigua-et-Barbuda
30%
2004 Lichtenstein
26%
Aucun quiz correspondant
Distribution des résultats
% des personnes avec chaque résultat
Percentile par nombre de réponses
Votre historique - résultats
Vous n’avez pas pris ce quiz